[Event "Baghdad op 4th"]
[Site "Baghdad"]
[Date "2016.03.20"]
[Round "1"]
[White "Alzaim, Talal"]
[Black "Ali, Mohamed Kareem"]
[Result "1-0"]
[WhiteElo "2226"]
[BlackElo "1933"]
[PlyCount "58"]
[EventDate "2016.03.20"]
[EventType "swiss"]
[EventRounds "9"]
[EventCountry "IRQ"]
[SourceTitle "EXT 2017"]
[Source "ChessBase"]
[SourceDate "2016.10.25"]
[SourceVersion "1"]
[SourceVersionDate "2016.10.25"]
[SourceQuality "1"]

1. d4 d5 2. c4 e6 3. Nc3 c5 4. cxd5 cxd4 5. Qa4+ Bd7 6. Qxd4 exd5 7. Qxd5 Nc6 8. Nf3 Nf6 9. Qd1 Bc5 10. e3 Qe7 11. Bd2 0-0 12. Be2 Rad8 13. 0-0 a6 14. Rc1 Rfe8 15. Qc2 Ba7 16. Rfd1 Bg4 17. Be1 Rc8 18. Qa4 Ne5 19. Nxe5 Bxe2 20. Nxe2 Rxc1 21. Rxc1 Qxe5 22. Bc3 Qe4 23. Qxe4 Nxe4 24. Bd4 Bb8 25. f3 Nd6 26. Kf2 f6 27. Bb6 Nf5 28. e4 Ne7 29. Rd1 Nc6 1-0